000 00298nam a22001337a 4500
008 170724b xxu||||| |||| 00| 0 eng d
020 _a3446124845
041 _aeng
080 _a004
100 _a29
101 _aSHKI
245 _aMIKROPROZESSOREN UND MIKROCOMPUTER
_cHANSER
942 _2udc
_cBK
999 _c21800
_d21800